Kleine Romane /

Hlavní autor: Ebner-Eschenbach, Marie von, 1830-1916
Jazyk: Němčina
Vydáno: München : Winkler-Verlag, 1957
Fyzický popis: 959 s. ; 19 cm
Knihy
Uloženo v:
LEADER 00659nam a2200205 a 4500
001 000093247
003 CZ BrMZK
005 19960815143423.0
007 ta
008 960815s1957 gw f ger d
040 |a BOA001  |b cze 
080 |a 830(436)-31  |2 MRF 
100 1 |a Ebner-Eschenbach, Marie von,  |d 1830-1916  |7 jn19990001964  |4 aut 
245 1 0 |a Kleine Romane /  |c Marie von Ebner-Eschenbach. 
260 |a München :  |b Winkler-Verlag,  |c 1957 
300 |a 959 s. ;  |c 19 cm 
541 |a Brno, Masarykova univerzita 
910 |a BOA001  |b 1-1024.713 
990 |a BK 
996 7 |b 2610041912  |c 1-1024.713  |l MZK  |r Sklad / do 1 hodiny  |n 10  |p vým  |w 000093247  |u 000010  |a 1  |e BOA001  |j MZK50  |s A